Pulp (Registro nro. 66594)

Detalles MARC
000 -ENCABEZADO
Número de control [NR] 00785nam a2200241Ia 4500
008 - DE LONGITUD FIJA DE DATOS DE ELEMENTOS - INFORMACIÓN GENERAL
Elementos de longitud fija [NR] 130821s2006 sp gr spa
020 ## - NUMERO INTERNACIONAL NORMALIZADO PARA LIBROS [R]
Número Internacional Normalizado del libro [NR] 8433914871
040 ## - FUENTE DE CATALOGACION [NR]
Agencia de catalogación original [NR] Co-BoUCM
Idioma de catalogación [NR] spa
041 00 - CODIGO DE IDIOMA [R]
Código de idioma para texto/pista de sonido o título separado [R] Español
100 1# - ASIENTO PRINCIPAL--NOMBRE PERSONAL [NR]
Nombre personal [NR] Bukowski, Charles
Fechas asociadas con el nombre [NR] 1920-1994
ID Autoridad 85262
245 10 - MENCION DE TITULO [NR]
Título [NR] Pulp
Mención de responsabilidad, etc. [NR] Charles Bukowski ; traducción de Cecilia Ceriani y Txaro Santoro
250 ## - MENCION DE EDICION [NR]
Mención de edición [NR] 8a ed.
260 ## - PUBLICACION, DISTRIBUCION, ETC. (PIE DE IMPRENTA) [R]
Lugar de publicación, distribución, etc. [R] Barcelona (España)
Nombre del editor, distribuidor, etc. [R] Editorial Anagrama
Fecha de publicación, distribución, etc. [R] 2006
300 ## - DESCRIPCION FISICA [R]
Extensión [R] 199 páginas
490 #0 - MENCION DE SERIE [R]
Mención de serie [R] Compactos Anagrama
Designación numérica/secuencial del volumen [NR] 156
650 04 - ASIENTO SECUNDARIO DE MATERIA - TERMINO TEMATICO [R]
Término temático o nombre geográfico como elemento de entrada [NR] Literatura estadounidense
9 (RLIN) 18653
650 04 - ASIENTO SECUNDARIO DE MATERIA - TERMINO TEMATICO [R]
Término temático o nombre geográfico como elemento de entrada [NR] Novela estadounidense
9 (RLIN) 20501
700 1# - ASIENTO SECUNDARIO - NOMBRE PERSONAL [R]
Nombre personal [NR] Ceriani, Cecilia
Término de relación [R]
9 (RLIN) 85258
700 1# - ASIENTO SECUNDARIO - NOMBRE PERSONAL [R]
Nombre personal [NR] Santoro, Txaro
Término de relación [R]
9 (RLIN) 85259
765 ## - ASIENTO DE IDIOMA ORIGINAL [R]
Título [NR] pulp
942 ## - ELEMENTOS DE ENTRADA AGREGADOS (KOHA)
Tipo de ítem principal el descrito en 300a Libro
Tema principal Literatura
Edición 8
Parte restante de la signatura top. B932p
Sistema de clasificación DEWEY
Clasificación 813.54
Existencias
Fecha de último préstamo Total préstamos Total Renewals Signatura topográfica Código de barras Última vez visto Volúmen / Fascículo Ejemplar Price effective from Tipo de ítem Perdido Sistema de clasificación Dañado No prestable Tipo de ítem específico Suprimido Ubicación habitual Ubicación actual Localización Fecha de creación Forma de adquisición Costo
25/03/2025 43 15 813.54 B932p 100106498 09/12/2025 8a. Ed. Ej.1 03/02/2013 Libro   DEWEY     Libro   Claustro Claustro 2do piso 28/02/2010 Compra 40369.00